טוען...
Thapovan se svorgarohan /
| מחבר ראשי: | |
|---|---|
| שפה: | Undetermined |
| יצא לאור: |
Delhi
Rajesh Prekashan
1987
|
| LEADER | 00449nam a2200133Ia 4500 | ||
|---|---|---|---|
| 001 | 85304 | ||
| 008 | 170722s9999 xx 000 0 und d | ||
| 100 | |a Bhat, Prem Lal | ||
| 245 | |a Thapovan se svorgarohan / | ||
| 260 | |b Rajesh Prekashan |a Delhi |c 1987 | ||
| 300 | |a 184 |c 21 cm. | ||
| 942 | |c GEN | ||
| 999 | |c 26865 |d 26865 | ||
| 952 | |0 0 |1 0 |4 0 |6 U_8_400000000000000_2H_N5_152M7 |7 0 |8 LC1 |9 31225 |a LIB |b LIB |d 2017-08-12 |o U8.4.2H.N5 152M7 |p G22979 |r 2017-08-12 |v 0.00 |w 2017-08-12 |y GEN | ||